00640nam a2200181 a 4500001001000000003000400010005001700014008004100031040002500072100002800097245009300125260003700218300002100255700004600276942001400322952010500336999001700441000044399OSt20240619113636.0140627s1989 dr ab 000 0 spa d aDO-SdBNPbspacBNPHU1 aJoaquín, Lidia91050210aCuaderno de trabajo :bEstudios sociales 7 /cLidia Joaquín, Eleanor Grimaldi Selié. aSanto Domingo :bSusaeta,c1989. a127 p. ;c26 cm.12aGrimaldi Silié, Eleanor, d1948-985713 2ddccLBS1 0010718PDaPDbPDcCTd2014-06-27iLF1l0o p44399-10r2020-06-25w2020-06-25yLFPDZNo se presta c43888d43888